000 00974nam a2200205Ia 4500
001 10463
003 GE_BSU
008 181216s||||||||xx |||||||||||||| ||und||
020 _a9789992895269
040 _cGE_BSU
080 _a821.353.1–3+821.353.1–32
245 _aქართული პროზა:წ.17:შიო არაგვისპირელი;ჭოლა ლომთათიძე
245 _cშემდგ:გ.გვერდწითელი;რ.თვარაძე;სარედ.კოლ:გრ.აბაშიძე და სხვ. რედ:ნ.აბესაძე;მხატვ:დ.დუნდუა
260 _aთბილისი
260 _bსაბჭოთა საქართველო
260 _c1989
300 _a638გვ;20სმ.
653 _aქართული პროზა:წ.17:შიო არაგვისპირელი;ჭოლა ლომთათიძე
942 _cBK
999 _c43722
_d43722